| 000 | 00455nam a22001697a 4500 | ||
|---|---|---|---|
| 005 | 20150818144335.0 | ||
| 010 | _a1516EN07 | ||
| 020 |
_a9781471148569 _c350.00 |
||
| 037 |
_adpl _bUBH/Ven |
||
| 100 | _aRich, A.J. | ||
| 245 |
_aThe hand that feeds you/ _cby A.J.Rich |
||
| 260 |
_aLondon _bSimon & Schuster _c2015 |
||
| 270 |
_a222 Gray's Inn Road _bLondon _eWCIX 8HB |
||
| 300 |
_a273p. _c19cm(pbk) |
||
| 942 |
_2ddc _cEN |
||
| 999 |
_c96154 _d96154 |
||